Indian Cities: Hearts of Iron 4 - Statistics

General Stats
  • This quiz has been taken 39 times
  • The average score is 13 of 19
Answer Stats
State Victory Points City % Correct
Bombay 10 Bombay
100%
Delhi 15 Delhi
97%
East Bengal 1 Dacca
93%
Hyderabad 1 Hyderabad
93%
Burma 5 Rangoon
90%
Sind 3 Karachi
86%
Lucknow 1 Lucknow
86%
Mandalay 1 Mandalay
86%
West Bengal 5 Calcutta
83%
Punjab 5 Lahore
83%
Quetta 1 Quetta
79%
Madurai 1 Madras
76%
Mysore 1 Bangalore
72%
Peshawar 3 Peshawar
72%
Gujarat 1 Ahmedabad
69%
Bihar 1 Patna
34%
Rajahsthan 1 Jaipur
31%
Baluchistan 1 Khuzdar
10%
Northern Kashmir 1 Kotli
7%
No matching quizzes found
Score Distribution
Percent of People with Each Score
Percentile by Number Answered
Your Score History
You have not taken this quiz